000 00540cam a22001457a 4500
008 180718b1947 xxu||||| |||| 00| 0 eng d
082 _aT212x54 In2t
100 _aIndia. Post-War Planning Committee (Textiles)
245 _aReport of the Post-War Planning Committee (Textiles)
_cby Department of Industries and Supplies
260 _aBombay
_bDepartment of Industries and Supplies
_c1947
300 _a27+p.
500 _aChairman: D.M. Khatau
700 _aIndia. Department of Industries and Supplies
700 _aKhatau, D.M. (Chairman)
999 _c489683
_d489683